<?xml version="1.0" encoding="UTF-8"?>
<record
    xmlns:xsi="http://www.w3.org/2001/XMLSchema-instance"
    xsi:schemaLocation="http://www.loc.gov/MARC21/slim http://www.loc.gov/standards/marcxml/schema/MARC21slim.xsd"
    xmlns="http://www.loc.gov/MARC21/slim">

  <leader>02145nam a22002897a 4500</leader>
  <controlfield tag="003">NALT</controlfield>
  <controlfield tag="005">20250310132111.0</controlfield>
  <controlfield tag="008">220128b        th ||||| |||| 00| 0 tha d</controlfield>
  <datafield tag="020" ind1=" " ind2=" ">
    <subfield code="a">9743231552</subfield>
  </datafield>
  <datafield tag="040" ind1=" " ind2=" ">
    <subfield code="a">NALT</subfield>
  </datafield>
  <datafield tag="050" ind1=" " ind2=" ">
    <subfield code="a">T 173.8</subfield>
    <subfield code="b">&#xE23;915&#xE19; 2547</subfield>
  </datafield>
  <datafield tag="100" ind1="1" ind2=" ">
    <subfield code="9">56412</subfield>
    <subfield code="a">&#xE41;&#xE23;&#xE15;&#xE40;&#xE19;&#xE2D;&#xE23;&#xE4C;, &#xE21;&#xE32;&#xE23;&#xE4C;&#xE01;</subfield>
  </datafield>
  <datafield tag="245" ind1="1" ind2="0">
    <subfield code="a">&#xE19;&#xE32;&#xE42;&#xE19;&#xE40;&#xE17;&#xE04;&#xE42;&#xE19;&#xE42;&#xE25;&#xE22;&#xE35; &#xE19;&#xE27;&#xE31;&#xE15;&#xE01;&#xE23;&#xE23;&#xE21;&#xE08;&#xE34;&#xE4B;&#xE27;&#xE1B;&#xE0F;&#xE34;&#xE27;&#xE31;&#xE15;&#xE34;&#xE42;&#xE25;&#xE01; =</subfield>
    <subfield code="b">Nanotechnology : a gentle introduction to the next big idea /</subfield>
    <subfield code="c">Mark Ratner, Daniel Ratner ; &#xE23;&#xE2D;&#xE2E;&#xE35;&#xE21; &#xE1B;&#xE23;&#xE32;&#xE21;&#xE32;&#xE17; &#xE41;&#xE1B;&#xE25;.</subfield>
  </datafield>
  <datafield tag="246" ind1="1" ind2="4">
    <subfield code="a">Nanotechnology : </subfield>
    <subfield code="b">a gentle introduction to the next big idea.</subfield>
  </datafield>
  <datafield tag="250" ind1=" " ind2=" ">
    <subfield code="a">&#xE1E;&#xE34;&#xE21;&#xE1E;&#xE4C;&#xE04;&#xE23;&#xE31;&#xE49;&#xE07;&#xE17;&#xE35;&#xE48; 5.</subfield>
  </datafield>
  <datafield tag="260" ind1=" " ind2=" ">
    <subfield code="a">&#xE01;&#xE23;&#xE38;&#xE07;&#xE40;&#xE17;&#xE1E;&#xE2F; :</subfield>
    <subfield code="b">&#xE21;&#xE15;&#xE34;&#xE0A;&#xE19;,</subfield>
    <subfield code="c">2547.</subfield>
  </datafield>
  <datafield tag="300" ind1=" " ind2=" ">
    <subfield code="a">206 &#xE2B;&#xE19;&#xE49;&#xE32; : </subfield>
    <subfield code="b">&#xE20;&#xE32;&#xE1E;&#xE1B;&#xE23;&#xE30;&#xE01;&#xE2D;&#xE1A; ; </subfield>
    <subfield code="c">21 &#xE0B;&#xE21;.</subfield>
  </datafield>
  <datafield tag="505" ind1="2" ind2=" ">
    <subfield code="a">&#xE04;&#xE27;&#xE32;&#xE21;&#xE23;&#xE39;&#xE49;&#xE40;&#xE1A;&#xE37;&#xE49;&#xE2D;&#xE07;&#xE15;&#xE49;&#xE19;&#xE40;&#xE01;&#xE35;&#xE48;&#xE22;&#xE27;&#xE01;&#xE31;&#xE1A;&#xE19;&#xE32;&#xE42;&#xE19; -- &#xE04;&#xE27;&#xE32;&#xE21;&#xE21;&#xE2B;&#xE31;&#xE28;&#xE08;&#xE23;&#xE23;&#xE22;&#xE4C;&#xE02;&#xE2D;&#xE07;&#xE02;&#xE19;&#xE32;&#xE14; -- &#xE2B;&#xE25;&#xE31;&#xE01;&#xE01;&#xE32;&#xE23;&#xE27;&#xE34;&#xE17;&#xE22;&#xE32;&#xE28;&#xE32;&#xE2A;&#xE15;&#xE23;&#xE4C;&#xE1E;&#xE37;&#xE49;&#xE19;&#xE10;&#xE32;&#xE19;&#xE17;&#xE35;&#xE48;&#xE40;&#xE01;&#xE35;&#xE48;&#xE22;&#xE27;&#xE02;&#xE49;&#xE2D;&#xE07;&#xE01;&#xE31;&#xE1A;&#xE19;&#xE32;&#xE42;&#xE19;&#xE40;&#xE17;&#xE04;&#xE42;&#xE19;&#xE42;&#xE25;&#xE22;&#xE35; -- &#xE40;&#xE04;&#xE23;&#xE37;&#xE48;&#xE2D;&#xE07;&#xE21;&#xE37;&#xE2D;&#xE02;&#xE2D;&#xE07;&#xE19;&#xE32;&#xE42;&#xE19;&#xE40;&#xE17;&#xE04;&#xE42;&#xE19;&#xE42;&#xE25;&#xE22;&#xE35; -- &#xE17;&#xE48;&#xE2D;&#xE07;&#xE2D;&#xE32;&#xE13;&#xE32;&#xE08;&#xE31;&#xE01;&#xE23;&#xE41;&#xE2B;&#xE48;&#xE07;&#xE19;&#xE32;&#xE42;&#xE19;&#xE40;&#xE17;&#xE04;&#xE42;&#xE19;&#xE42;&#xE25;&#xE22;&#xE35; -- &#xE27;&#xE31;&#xE2A;&#xE14;&#xE38;&#xE09;&#xE25;&#xE32;&#xE14; -- &#xE40;&#xE0B;&#xE47;&#xE19;&#xE40;&#xE0B;&#xE2D;&#xE23;&#xE4C; -- &#xE01;&#xE32;&#xE23;&#xE41;&#xE1E;&#xE17;&#xE22;&#xE4C;&#xE41;&#xE25;&#xE30;&#xE40;&#xE27;&#xE0A;&#xE01;&#xE23;&#xE23;&#xE21;&#xE0A;&#xE35;&#xE27;&#xE20;&#xE32;&#xE1E; -- &#xE2D;&#xE2D;&#xE1E;&#xE15;&#xE34;&#xE01;&#xE41;&#xE25;&#xE30;&#xE2D;&#xE34;&#xE40;&#xE25;&#xE47;&#xE01;&#xE17;&#xE23;&#xE2D;&#xE19;&#xE34;&#xE01;&#xE2A;&#xE4C; -- &#xE18;&#xE38;&#xE23;&#xE01;&#xE34;&#xE08;&#xE19;&#xE32;&#xE42;&#xE19; -- &#xE04;&#xE38;&#xE13;&#xE04;&#xE48;&#xE32; &#xE1C;&#xE25;&#xE01;&#xE23;&#xE30;&#xE17;&#xE1A; &#xE41;&#xE25;&#xE30;&#xE41;&#xE07;&#xE48;&#xE21;&#xE38;&#xE21;&#xE17;&#xE32;&#xE07;&#xE08;&#xE23;&#xE34;&#xE22;&#xE18;&#xE23;&#xE23;&#xE21;.</subfield>
  </datafield>
  <datafield tag="650" ind1=" " ind2="4">
    <subfield code="9">28472</subfield>
    <subfield code="a">&#xE19;&#xE32;&#xE42;&#xE19;&#xE40;&#xE17;&#xE04;&#xE42;&#xE19;&#xE42;&#xE25;&#xE22;&#xE35;</subfield>
  </datafield>
  <datafield tag="650" ind1=" " ind2="0">
    <subfield code="a">&#xE40;&#xE17;&#xE04;&#xE42;&#xE19;&#xE42;&#xE25;&#xE22;&#xE35;</subfield>
    <subfield code="9">30429</subfield>
  </datafield>
  <datafield tag="700" ind1="1" ind2=" ">
    <subfield code="9">59230</subfield>
    <subfield code="a">Ratner, Mark</subfield>
  </datafield>
  <datafield tag="700" ind1="1" ind2=" ">
    <subfield code="9">59231</subfield>
    <subfield code="a">Ratner, Daniel</subfield>
  </datafield>
  <datafield tag="700" ind1="0" ind2=" ">
    <subfield code="9">46079</subfield>
    <subfield code="a">&#xE23;&#xE2D;&#xE2E;&#xE35;&#xE21; &#xE1B;&#xE23;&#xE32;&#xE21;&#xE32;&#xE17;</subfield>
  </datafield>
  <datafield tag="850" ind1=" " ind2=" ">
    <subfield code="a">NALT</subfield>
  </datafield>
  <datafield tag="942" ind1=" " ind2=" ">
    <subfield code="2">lcc</subfield>
    <subfield code="c">GB</subfield>
  </datafield>
  <datafield tag="998" ind1=" " ind2=" ">
    <subfield code="a">kitja</subfield>
    <subfield code="j">1020</subfield>
    <subfield code="k"> &#xE19;&#xE32;&#xE07;&#xE08;&#xE33;&#xE40;&#xE23;&#xE35;&#xE22;&#xE07;  &#xE23;&#xE30;&#xE27;&#xE31;&#xE07;&#xE2A;&#xE33;&#xE42;&#xE23;&#xE07;</subfield>
  </datafield>
  <datafield tag="999" ind1=" " ind2=" ">
    <subfield code="c">99089</subfield>
    <subfield code="d">99089</subfield>
  </datafield>
  <datafield tag="952" ind1=" " ind2=" ">
    <subfield code="0">0</subfield>
    <subfield code="1">0</subfield>
    <subfield code="2">lcc</subfield>
    <subfield code="4">0</subfield>
    <subfield code="7">0</subfield>
    <subfield code="8">CSEN</subfield>
    <subfield code="a">NALT</subfield>
    <subfield code="b">NALT</subfield>
    <subfield code="c">GEN</subfield>
    <subfield code="d">2022-01-28</subfield>
    <subfield code="o">T 173.8 &#xE23;915&#xE19; 2547</subfield>
    <subfield code="p">0100000498001</subfield>
    <subfield code="r">2022-10-18 00:00:00</subfield>
    <subfield code="w">2022-01-28</subfield>
    <subfield code="y">GB</subfield>
  </datafield>
</record>
